Jihadi terrorism: (Record no. 17852)
[ view plain ]
| 000 -LEADER | |
|---|---|
| fixed length control field | 007110000a22001930004500 |
| 008 - FIXED-LENGTH DATA ELEMENTS--GENERAL INFORMATION | |
| fixed length control field | 081021t xxu||||| |||| 00| 0 eng d |
| 010 ## - LIBRARY OF CONGRESS CONTROL NUMBER | |
| LC control number | ENG-84547 |
| 020 ## - INTERNATIONAL STANDARD BOOK NUMBER | |
| International Standard Book Number | 8121209056 |
| 020 ## - INTERNATIONAL STANDARD BOOK NUMBER | |
| Terms of availability | 540.00 (hb) |
| 035 ## - SYSTEM CONTROL NUMBER | |
| System control number | EN-68080 |
| 082 ## - DEWEY DECIMAL CLASSIFICATION NUMBER | |
| Classification number | 303.625 |
| 100 ## - MAIN ENTRY--PERSONAL NAME | |
| Personal name | Sahai, Shashi B |
| 245 ## - TITLE STATEMENT | |
| Title | Jihadi terrorism: |
| Remainder of title | making of a world war? / |
| Statement of responsibility, etc | by Shashi B Sahai |
| 260 ## - PUBLICATION, DISTRIBUTION, ETC. (IMPRINT) | |
| Place of publication, distribution, etc | New Delhi |
| Name of publisher, distributor, etc | Gyan Publishing House |
| Place of manufacture | 5, Ansari Road, Darya Ganj, New Delhi-110002 |
| 260 ## - PUBLICATION, DISTRIBUTION, ETC. (IMPRINT) | |
| Date of publication, distribution, etc | 2006 |
| 300 ## - PHYSICAL DESCRIPTION | |
| Extent | 320p |
| Dimensions | 22cm |
| 942 ## - ADDED ENTRY ELEMENTS (KOHA) | |
| Source of classification or shelving scheme | Dewey Decimal Classification |
| Koha item type | English Books |
| Classification part | 303.625 |
| Call number suffix | SAH |
| Withdrawn status | Lost status | Source of classification or shelving scheme | Damaged status | Not for loan | Home library | Current library | Date acquired | Cost, normal purchase price | Total Checkouts | Full call number | Barcode | Date last seen | Copy number | Cost, replacement price | Price effective from | Koha item type |
|---|---|---|---|---|---|---|---|---|---|---|---|---|---|---|---|---|
| Dewey Decimal Classification | Not For Loan | D.B.Act.Division | D.B.Act.Division | 08/03/2007 | 540.00 | 303.625 SAH | EN-68080 | 04/11/2008 | 1 | 540.00 | 04/11/2008 | English Books |
